Iniciación al estudio de la física

Gespeichert in:
Bibliographische Detailangaben
1. Verfasser: De Graf, María Lara (VerfasserIn)
Format: Buch
Sprache:Spanisch
Erschienen: Santiago Talleres Gráficos de E. Hispano Suiza, Ltda. 1962
Katalog:MANES:  Suchergebnis im Bibliothekskatalog
Schulbuchspezifische Eigenschaften:
Tags: Tag hinzufügen
Keine Tags, Fügen Sie den ersten Tag hinzu!
Hinzugefügt zu:26.07.2022
Geändert in:29.08.2025

MARC

LEADER 00000nam a22000007a 4500
005 20250829194732.0
008 220727b |||||||| |||| 00| 0 spa d
040 |a centro_manes  |c Gabriela_ Mistral 
100 |9 31160  |a De Graf, María Lara  |e autor 
245 |a Iniciación al estudio de la física  
260 |a Santiago  |b Talleres Gráficos de E. Hispano Suiza, Ltda.  |c 1962 
300 |a 92 p.  |c 16,5 x 21,5 cm. 
521 |a 4° año de humanidades 
546 |a Chile  
561 |a Chile. Museo de la Educación Gabriela Mistral  |3 T 530 L318i 1962   |5 cl-MGM  |k MANES 
690 0 |a FQ 
691 0 |a SE 
942 |2 ddc  |c BK 
999 |c 99738  |d 99738 
999 |c manes:99738  |d 99738